Statistics for Houston Rockets Championship Teams

Click here to take the quiz!

General Stats

  • This quiz has been taken 31 times
    (5 since last reset)
  • The average score is 17 of 26

Answer Stats

Season(s)No.PosPlayer% Correct
199522SGClyde Drexler
100%
199534CHakeem Olajuwon
100%
199434CHakeem Olajuwon
100%
199430PGKenny Smith
100%
199530PGKenny Smith
100%
199417SGMario Elie
100%
199517SGMario Elie
100%
199533PFOtis Thorpe
100%
199433PFOtis Thorpe
100%
199425SFRobert Horry
100%
199525SFRobert Horry
100%
199411SGVernon Maxwell
100%
199511SGVernon Maxwell
100%
199510PGSam Cassell
80%
199410PGSam Cassell
80%
19947CCarl Herrera
40%
19957CCarl Herrera
40%
199555CŽan Tabak
40%
199527PFCharles Jones
20%
199421SFChris Jent
20%
199552SFChucky Brown
20%
199435PFEarl Cureton
20%
199450PFMatt Bullard
20%
199532PFPete Chilcutt
20%
19951PGScott Brooks
20%
19941PGScott Brooks
20%

Score Distribution

Percentile by Number Answered

Percent of People with Each Score

Your Score History

You have not taken this quiz since the last reset